000 00678nam a22002177a 4500
003 OSt
005 20180409141220.0
008 140711b1988 svl spa
020 _a84-206-8663-8
040 _cBCRI
_aBCRI
082 _a808
100 _935659
_aGarcía Ferrando, Manuel‏
_d1942-‏
245 1 0 _aEl análisis de la realidad social
_b: método y técnicas de investigación
_cmanuel de garcia ferrando
250 _a3ª ed
260 _aMadrid
_bAlianza
_c2002
300 _a682p.
_c23 cm
650 2 4 _921867
_aFiguras del lenguaje
700 _935660
_aIbañez, Jesús
700 _935661
_aAlvira Martín, Francisco‏
942 _2ddc
_cBK
_hprozim
999 _c21962
_d21962